Представление документа в формате MARC21

Поле Инд. ПП Название Значение
Тип записи a
Библиографический уровень m
001 Контрольный номер 50af987bbaec49f489f880896fa1ab20
005 Дата корректировки 20260303180205.4
040 a Служба первич. каталог. DE
b Код языка каталог. rus
e Правила каталог. PSBO
041 0_ a Код языка текста rus
080 a Индекс УДК 004.056.5
084 a Индекс другой классификации/Индекс ББК 32.972.5
090 a Полочн. индекс 681.3
x Авторский знак D40
097 b Оператор 03
100 1_ a Автор Deng Yuanyuan
245 10 a Заглавие SQL Injection Attack and Prevention Technology
b Продолж. заглавия дисс. на соиск. степени магистра : 7-06-0611-02
c Ответственность науч. рук. Л. А. Врублевский
260 a Место издания Минск
c Дата издания 2025
b Издательство БГУИР
300 a Объем 62 с.
e Сопроводительные материалы Автореферат
510 0_ a Примечание о ссылках Диссертации и авторефераты диссертаций
653 0_ a Ключевые слова защита информации; SQL Injection attack; информационные атаки
856 40 u URL https://libeldoc.bsuir.by/bitstream/123456789/62064/1/Deng%20Yuanyuan_Avtoreferat.pdf
901 t Тип документа d